Stati della Caribbean Development Bank - Statistics

Statistiche generali
  • Questo quiz è stato fatto 3 volte
  • Il punteggio medio è 20 su 29
Statistiche sulle risposte
Continente Nazione % Corretto
America del Nord Anguilla
100%
America del Nord Antigua e Barbuda
100%
America del Nord Bahamas
100%
America del Nord Barbados
100%
America del Nord Giamaica
100%
America del Nord Grenada
100%
America del Nord Haiti
100%
Europa Regno Unito
100%
America del Nord Saint Kitts e Nevis
100%
America del Nord Saint Lucia
100%
America del Nord Saint Vincent e Grenadine
100%
America del Nord Trinidad e Tobago
100%
America del Sud Argentina
50%
America del Nord Belize
50%
America del Sud Brasile
50%
America del Nord Canada
50%
Asia Cina
50%
America del Sud Colombia
50%
America del Nord Dominica
50%
Europa Germania
50%
America del Nord Guyana
50%
America del Nord Isole Cayman
50%
America del Nord Isole Vergini Britanniche
50%
Europa Italia
50%
America del Nord Messico
50%
America del Nord Suriname
50%
America del Nord Turks e Caicos
50%
America del Sud Venezuela
50%
America del Nord Montserrat
0%
Nessun quiz corrispondente trovato
Distribuzione punteggi
Percentuale di utenti per punteggio
Percentile per numero di risposta
I tuoi punteggi nel tempo
Non hai fatto questo quiz